Congreso y exposición internacionales del teatro celebrados en la Exposición Internacional de Barcelona 1929 (Record no. 34473)

MARC details
000 -LEADER
campo de control de longitud fija 00533nam a2200145 i 4500
001 - NÚMERO DE CONTROL
campo de control 34473
003 - IDENTIFICADOR DE NÚMERO DE CONTROL
campo de control ES-MaACL
007 - CAMPO FIJO DE DESCRIPCIÓN FÍSICA--INFORMACIÓN GENERAL
campo de control de longitud fija t|
008 - DATOS DE LONGITUD FIJA--INFORMACIÓN GENERAL
campo de control de longitud fija 030207s1929 sp ||||1| spa d
100 1# - ENTRADA PRINCIPAL--NOMBRE DE PERSONA
Nombre de persona Bohigas Tarragó, P.
9 (RLIN) 29821
245 10 - MENCIÓN DEL TÍTULO
Título Congreso y exposición internacionales del teatro celebrados en la Exposición Internacional de Barcelona 1929
Resto del título : memoria y catálogo /
Mención de responsabilidad, etc. por P. Bohigas Tarragó.
260 ## - PUBLICACIÓN, DISTRIBUCIÓN, ETC.
Lugar de publicación, distribución, etc. Barcelona :
Nombre del editor, distribuidor, etc. [s.n.,
Fecha de publicación, distribución, etc. 1929] (
Fabricante Imp. Casa Provicial de Caridad)
300 ## - DESCRIPCIÓN FÍSICA
Extensión 152 p. ;
Dimensiones 24 cm.
852 ## - LOCALIZACIÓN
Ubicación ES-MaACL
Número de control de estantería B-5443
Holdings
Estatus retirado Estado de pérdida Estado de daño No para préstamo Biblioteca de origen Biblioteca actual Ubicación en estantería Fecha de adquisición Fuente de adquisición Total de préstamos Signatura topográfica completa Código de barras Visto por última vez Precio de reemplazo Tipo de ítem Koha
        Biblioteca del Ateneo de Madrid Biblioteca del Ateneo de Madrid Sala Pardo Bazán 17/01/2008     B-5443 1035959 23/02/2023 23/02/2023 Libro impreso